000 00549nam a2200169Ia 4500
001 24966
005 20260414151118.0
008 260414t2004||||xx |||||||||||||| ||spa||
041 _aESP
082 _a346.01
_bF42
100 _aFernández Sessarego, Carlos
_eAUT
245 0 _aDerecho de las personas :
_bexposición de motivos y comentarios al libro primero del código civil peruano: personas naturales - personas jurídicas comunidades campesinas y nativas
260 _c2004
650 _aDER
654 _aCDE
942 _cLIB
_dJUS
_fJUS
_2ddc
_n
999 _c24966
_d24966